Superheroes by Haiku Quiz Stats

 Plays Quiz Updated Apr 29, 2015

Also try: Actor Haikus
Challenge
Share
Tweet
Embed
Score 0/16 Timer 04:00
2 Plays Today
Haiku Hero % Correct
Clark Kent is his name
His girlfriend is Lois Lane
He hails from Krypton
Superman
99.3%
Weapon's a hammer
His brother's his nemesis
He is a Norse God
Thor
97.7%
If he gets angry
He'll get into purple pants
And then turn to green
The Hulk
97.7%
Alfred's his butler
His bane's name is 'The Joker'
Two-Face's old friend
Batman
97.6%
He's patriotic
His shield's indestructible
Fought in World War II
Captain America
96.6%
Tony was gonna die
He built a suit of armor...
Lucky he's rich!
Iron Man
95.4%
His fists contain claws
Had the alias Logan
Was born James Howlett
Wolverine
95.2%
He's fast as lightning
And part of the 'Justice League'
Catch him if you can
The Flash
94.3%
Haiku Hero % Correct
Still a teen in high school
Uncle Ben taught him a 'great' phrase
Mary Jane's and Gwen's beau
Spider-Man
93.1%
Amazon princess
Whose weapon's Lasso of Truth
Fights for compassion
Wonder Woman
91.4%
Sue's younger brother
He can turn into a flame
He can also fly
Human Torch
79.6%
A billionaire
He dresses like Robin Hood
And then shoots his bow
Green Arrow
74.4%
A lawyer by day
Who fights crime in Hell's Kitchen
The Man Without Fear
Daredevil
72.7%
There have been many
The first was named Alan Scott
Hal's the most famous
Green Lantern
66.3%
A mercenary
Who's mentally unstable
'The fourth wall' breaker
Deadpool
63.7%
From the 'red planet'
His name's J'onn J'onzz and John Jones
He shapeshifts and flies
Martian Manhunter
50.2%

You're not logged in!

Compare scores with friends on all Sporcle quizzes.
OR
Log In

You Might Also Like...

Show Comments

Extras

Top Quizzes Today


Score Distribution

Your Account Isn't Verified!

In order to create a playlist on Sporcle, you need to verify the email address you used during registration. Go to your Sporcle Settings to finish the process.

Report this User

Report this user for behavior that violates our Community Guidelines.

Details: